<?xml version="1.0" encoding="UTF-8"?><?xml-stylesheet type="text/xsl" href="static/style.xsl"?><OAI-PMH xmlns="http://www.openarchives.org/OAI/2.0/" xmlns:xsi="http://www.w3.org/2001/XMLSchema-instance" xsi:schemaLocation="http://www.openarchives.org/OAI/2.0/ http://www.openarchives.org/OAI/2.0/OAI-PMH.xsd"><responseDate>2026-04-17T20:17:30Z</responseDate><request verb="GetRecord" identifier="oai:www.recercat.cat:10459.1/468961" metadataPrefix="marc">https://recercat.cat/oai/request</request><GetRecord><record><header><identifier>oai:recercat.cat:10459.1/468961</identifier><datestamp>2025-11-25T19:29:35Z</datestamp><setSpec>com_2072_3622</setSpec><setSpec>col_2072_479130</setSpec></header><metadata><record xmlns="http://www.loc.gov/MARC21/slim" xmlns:dcterms="http://purl.org/dc/terms/" xmlns:xsi="http://www.w3.org/2001/XMLSchema-instance" xmlns:doc="http://www.lyncode.com/xoai" xsi:schemaLocation="http://www.loc.gov/MARC21/slim http://www.loc.gov/standards/marcxml/schema/MARC21slim.xsd">
   <leader>00925njm 22002777a 4500</leader>
   <datafield ind2=" " ind1=" " tag="042">
      <subfield code="a">dc</subfield>
   </datafield>
   <datafield ind2=" " ind1=" " tag="720">
      <subfield code="a">Odriozola Serrano, Isabel</subfield>
      <subfield code="e">author</subfield>
   </datafield>
   <datafield ind2=" " ind1=" " tag="720">
      <subfield code="a">Bendicho Porta, Silvia</subfield>
      <subfield code="e">author</subfield>
   </datafield>
   <datafield ind2=" " ind1=" " tag="720">
      <subfield code="a">Martín Belloso, Olga</subfield>
      <subfield code="e">author</subfield>
   </datafield>
   <datafield ind2=" " ind1=" " tag="260">
      <subfield code="c">2006</subfield>
   </datafield>
   <datafield ind2=" " ind1=" " tag="520">
      <subfield code="a">The effect of high-intensity pulsed electric fields (HI-PEF) processing (35.5 kV/cm for 1,000 or 300 μ with bipolar 7-μs pulses at 111 Hz; the temperature outside the chamber was always &lt; 40° C) on microbial shelf life and quality-related parameters of whole milk were investigated and compared with traditional heat pasteurization (75° C for 15 s), and to raw milk during storage at 4° C. A HIPEF treatment of 1,000 μ ensured the microbiological stability of whole milk stored for 5 d under refrigeration. Initial acidity values, pH, and free fatty acid content were not affected by the treatments; and no proteolysis and lipolysis were observed during 1 wk of storage in milk treated by HIPEF for 1,000 μ. The whey proteins (serum albumin, β-lactoglobulin, and α-lactalbumin) in HIPEF-treated milk were retained at 75.5, 79.9, and 60%, respectively, similar to values for milk treated by traditional heat pasteurization.</subfield>
   </datafield>
   <datafield tag="653" ind2=" " ind1=" ">
      <subfield code="a">High-intensity pulsed electric field</subfield>
   </datafield>
   <datafield tag="653" ind2=" " ind1=" ">
      <subfield code="a">Whole milk</subfield>
   </datafield>
   <datafield tag="653" ind2=" " ind1=" ">
      <subfield code="a">Shelf life</subfield>
   </datafield>
   <datafield ind2="0" ind1="0" tag="245">
      <subfield code="a">Comparative study on shelf life of whole milk processed by high-intensity pulsed electric field or heat treatment</subfield>
   </datafield>
</record></metadata></record></GetRecord></OAI-PMH>